| 000 | 01436nam a22002775i 4500 | ||
|---|---|---|---|
| 001 | 53392 | ||
| 003 | ES-MaACL | ||
| 005 | 20250703063058.0 | ||
| 007 | t| | ||
| 008 | 950922e1864 sp ||||1| spa d | ||
| 040 |
_aCAM _bspa _cCAM |
||
| 080 | _a930.1 | ||
| 100 | 1 |
_aSalmerón y Alonso, Nicolás, _d1838-1908 _9101996 _eaut |
|
| 245 | 1 | 0 |
_aDiscurso leído ante el claustro de la Universidad Central / _cpor Nicolás Salmerón y Alonso en el solemne acto de recibir la investidura de Doctor en Filosofía y Letras. |
| 260 |
_aMadrid : _b[s.n.], _c1864 _f(Imp. de F. Martínez García) |
||
| 300 |
_a69 páginas ; _c19 cm. |
||
| 500 | _aEn portadilla, tema del discurso: La historia universal tiende, desde la Edad Antigua a la Edad Media y la Moderna, a restablecer al hombre en la entera posesión de su naturaleza, y en el libre y justo ejercicio de sus fuerzas y relaciones para el cumplimiento del destino providencial de la humanidad | ||
| 530 | _aDisponible en formato digital | ||
| 650 | 4 |
_aHistoria- _xFilosofía. _913380 |
|
| 710 | 2 |
_aUniversidad Central (Madrid) _eisb _97084 |
|
| 852 |
_aES-MaACL _cSVI _gFirma autógrafa de Antonio Aura Boronat _hDonativo de Antonio Aura Boronat _jD-4707(3) |
||
| 856 |
_uhttps://bdh-rd.bne.es/viewer.vm?id=0000054072&page=1 _yVersión en línea _z(Biblioteca Digital Hispánica) |
||
| 942 |
_2udc _cMONANT _n0 |
||
| 999 |
_c53392 _d53392 |
||